A-Z: animals & plants ending in L - Statistics

General Stats
  • This quiz has been taken 40 times
  • The average score is 12 of 26
Answer Stats
Initial letter Clue Organism's name ending in L % Correct
C Desert mammal with humps Camel
100%
B Male cow Bull
97%
O Bird famous for hunting at night Owl
92%
Q Small, partridge-like game bird which sometimes ends up on the dinner plate Quail
92%
E Thin fish Eel
89%
N Small northern whale with a long tusk Narwhal
89%
G Rodent often kept as a pet Gerbil
75%
T Black marsupial from an Australian island Tasmanian devil
67%
M Large monkey with a blue and red face Mandrill
64%
A Unusual Mexican salamander Axolotl
56%
F Type of furry-tailed rodent which glides between trees Flying squirrel
53%
W Mustelid similar to a small stoat Weasel
53%
J Breed of terrier named after an English vicar Jack Russell
47%
H African bird with large, curved beak Hornbill
44%
K Type of falcon Kestrel
44%
S Fairly small, thin African cat species Serval
39%
I Species of common seabird named after an Arctic country Iceland gull
28%
P Group of seabirds which have a tubular nose feature for expelling salt Petrel
25%
Z Striped species of edible bivalve Zebra mussel
22%
U Species of nocturnal bird from the hills marking the eastern edge of Europe Ural owl
17%
V Songbird named after a red colour and a catholic official Vermilion cardinal
14%
D Olympic-sounding species of garden mollusc Discus snail
11%
R Furry rodent, well-loved in the Scottish Highlands and elsewhere Red squirrel
11%
L Small European finch with some scarlet colour on its head Lesser redpoll
8%
Y Sun-coloured European songbird which bobs its rear part up and down Yellow wagtail
8%
X African songbird named after a French explorer Xavier's greenbul
3%
No matching quizzes found
Score Distribution
Percent of People with Each Score
Percentile by Number Answered
Your Score History
You have not taken this quiz